The Habsburgs

Titel: The Habsburgs : dynasty, culture and politics / Paula Sutter Fichtner
Verfasser:
Ausgabe: First published
Veröffentlicht: London : Reaktion Books, 2014
Umfang: 349 Seiten : Illustrationen, Karten
Format: Buch
Sprache: Englisch
Schlagworte:
ISBN: 9781780232744
Buchumschlag
X
alg: 46653309
001A    $03025:07-07-20 
001B    $03025:15-12-20 $t10:52:11.000 
001D    $03025:07-07-20 
001U    $0utf8 
001X    $00 
002@    $0Aax 
002C    $aText $btxt $2rdacontent 
002D    $aohne Hilfsmittel zu benutzen $bn $2rdamedia 
002E    $aBand $bnc $2rdacarrier 
003@    $0466533098 
004A    $A978-1-78023-274-4 $fhardback 
006C    $0884348966 $aOCoLC 
006L    $01611699525 $2KXP 
006L    $0416460674 $2BSZ 
007A    $0416460674 $aBSZ 
009P    $3Inhaltsverzeichnis $uhttp://bvbr.bib-bvb.de:8991/F?func=service&doc_library=BVB01&local_base=BVB01&doc_number=027390676&line_number=0001&func_code=DB_RECORDS&service_type=MEDIA 
010@    $aeng 
010E    $erda 
011@    $a2014 $n2014 
021A    $aThe @Habsburgs $ddynasty, culture and politics $hPaula Sutter Fichtner 
028A    $BVerfasser $#Fichtner, Paula S. $#Sutter Fichtner, Paula $#Sutter-Fichtner, Paula $#Sutter, Paula Fichtner $4aut $71023062763 $8Fichtner, Paula Sutter$Z1935- [Tp3] $930211162X 
032@    $aFirst published 
033A    $pLondon $nReaktion Books 
034D    $a349 Seiten 
034M    $aIllustrationen, Karten 
039U    $8--Oou--Vocelka, Karl$Z1947- [Tp1]. [Paula Sutter Fichtner: The Habsburgs], 2016 $9466533241 
039U    $8--Oou--Whaley, Joachim$Z1954- [Tp1]. [Paula Sutter Fichtner: The Habsburgs], 2016. - DOI 10.1177/0047244116665322l $9469069910 
039U    $8--Oou--Armour, Ian D. [Tp3]. [Paula Sutter Fichtner: The Habsburgs], 2016. - DOI 10.5699/slaveasteurorev2.94.4.0743 $9473899671 
039U    $8--Oou--Okey, Robin$Z1942- [Tp3]. [Sammelrezension], 2017 $9469143967 
044K    $qK10plus $RLothringen $#Habsburger  $#Habsburg  $#Habsburg  $#Haus Österreich $#Casa de Austria $#domus Austriae $#Maison d’Autriche $#Casa d’Austria $#Haus Habsburg $#Haus Habsburg-Lothringen $#Casa d'Asburgo $#Casa de Habsburgo $#House of Habsburg $#Maison de Habsbourg $#Maison d'Autriche $#Habsburkové $#Habsburg-ház $#Хабзбурзи $#Габсбурги $#Династія Габсбургів $#Хабсбурги $#Οίκος των Αψβούργων $7118544233 $8$PHabsburger$lDynastie : 1200- [Tp1] $908688526X 
045F    $a909 $eDDC23BSB 
045F/01 $a909 
045F/03 $g436 
045F/03 $g437 
045R    $aGeschichte 
046M    $aLiteraturverz. S. 335 - 338 

lok: 46653309 78

exp: 46653309 78 1 #EPN
201B/01 $007-07-20 $t14:44:18.000 
201C/01 $007-07-20 
201U/01 $0utf8 
203@/01 $01114430242 
208@/01 $a07-07-20 $be 
209A/01 $a/ $f000 $x00 
209A/01 $ab*p $x01 
220C/01 $apgar 
244Z/01 $#Ostmitteleuropa $#Ostmitteleuropa $#Mitteleuropa, Ost $#Central Europe Ostmitteleuropa $#Mittelosteuropa $74075753-5 $8--Tg1--Ostmitteleuropa $x01 $9085214485 
247C/01 $82080>Marburg/Lahn, Herder-Institut, Forschungsbibliothek, Bibliographieportal $9336309341
LEADER 00000cam a22000002c 4500
001 466533098
003 DE-603
005 20201215105211.0
007 tu
008 200707s2014 xx |||| | u00||u|eng c
020 |a 9781780232744  |c hardback 
035 |a (DE-599)BSZ416460674 
035 |a (DE-627)1611699525 
035 |a (DE-576)416460674 
040 |a DE-603  |b ger  |c DE-603  |d DE-603  |e rda 
041 |a eng 
082 0 4 |8 1\u  |a 909  |q DE-101  |2 23/BSB 
085 |8 1\u  |b 909 
085 |8 1\u  |z 2  |s 436 
085 |8 1\u  |z 2  |s 437 
100 1 |a Fichtner, Paula Sutter  |d 1935-  |e Verfasser  |4 aut  |0 (DE-603)30211162X  |0 (DE-588)1023062763  |2 gnd 
245 0 0 |a ˜Theœ Habsburgs  |b dynasty, culture and politics  |c Paula Sutter Fichtner 
250 |a First published 
264 1 |a London  |b Reaktion Books  |c 2014 
300 |a 349 Seiten  |b Illustrationen, Karten 
336 |a Text  |b txt  |2 rdacontent 
337 |a ohne Hilfsmittel zu benutzen  |b n  |2 rdamedia 
338 |a Band  |b nc  |2 rdacarrier 
504 |a Literaturverz. S. 335 - 338 
600 3 7 |a Habsburger  |c Dynastie : 1200-  |0 (DE-588)118544233  |0 (DE-603)08688526X  |2 gnd 
648 7 |a Geschichte  |2 gnd 
787 0 8 |i Rezensiert in  |a Vocelka, Karl, 1947-  |t [Paula Sutter Fichtner: The Habsburgs]  |w (DE-603)466533241 
787 0 8 |i Rezensiert in  |a Whaley, Joachim, 1954-  |t [Paula Sutter Fichtner: The Habsburgs]  |o 10.1177/0047244116665322l  |w (DE-603)469069910 
787 0 8 |i Rezensiert in  |a Armour, Ian D.  |t [Paula Sutter Fichtner: The Habsburgs]  |o 10.5699/slaveasteurorev2.94.4.0743  |w (DE-603)473899671 
787 0 8 |i Rezensiert in  |a Okey, Robin, 1942-  |t [Sammelrezension]  |w (DE-603)469143967 
856 4 2 |u http://bvbr.bib-bvb.de:8991/F?func=service&doc_library=BVB01&local_base=BVB01&doc_number=027390676&line_number=0001&func_code=DB_RECORDS&service_type=MEDIA  |3 Inhaltsverzeichnis 
924 0 |9 2080  |a (DE-603)1114430242  |b DE-2080  |c HES  |d d  |g /